000 01104nam a22002897a 4500
005 20111109104023.0
008 111109t xxu||||| |||| 00| 0 eng d
010 _aENG-104068
020 _a9780198077343
_c395.00
020 _a0198077343
_c395.00
035 _aEN-87601
037 _bDBAD/PUB
040 _aDPL
_bEng
082 _a306.0954
100 _aBalmiki Prasad Singh
_935772
_d1941-
245 _aIndia’s culture :
_cby Balmiki Prasad Singh
_bthe state, the arts, and beyond /
250 _a2nd ed
260 _aNew Delhi
_bOxford University Press
_c2011
270 _aYMCA Library Building, 1, Jai Singh Road
_bNew Delhi
_e110001
300 _aIxxiii,263p. , [6] leaves of plates :
_c22cm (pbk)
_bill. (some col.)
500 _aIncludes bibliographical references (p. [250]-256) and index.
600 _935777
650 _935779
651 _935773
_aIndia
_xCivilization.
942 _2ddc
_cEN
_h306.0954
_mBAL
999 _c58249
_d58249